000 00431nam a2200181Ia 4500
001 2882
005 20260306144840.0
008 260306t2009||||xx |||||||||||||| ||spa||
041 _aESP
082 _a231
_bR27C
100 _aRatzinger, Joseph
_eAUT
245 0 _aEl Dios de los cristianos:
_bmeditaciones
260 _c2009
300 _a117 páginas :
_c19 cm.
650 _aGEN
654 _aCHU
942 _cLIB
_dJUS
_fJUS
_2ddc
_n
999 _c2882
_d2882